000
00311 a2200109 4500
001
ART_51091
005
20260410161955.0
008
260409a
245
1
0
_a
El caso "Vicentin"
100
1
_a
Escuti, Ignacio A.
773
0
_t
Temas de derecho comercial
_g
- Año 6, N° 8 (ago. 2020)
_w
REV28151
999
_c
30784
_d
30784